[Event "Baltic Sea Chess Stars"]
[Site "Narva"]
[Date "2009.10.06"]
[Round "2.2"]
[White "Korchagina, Victoria"]
[Black "Balcaite, Agne"]
[Result "1-0"]
[WhiteElo "2172"]
[BlackElo "1889"]
[PlyCount "83"]
[EventDate "2009.10.05"]
[EventType "team-tourn"]
[EventRounds "7"]
[EventCountry "EST"]
[SourceTitle "EXT 2011"]
[Source "ChessBase"]
[SourceDate "2010.11.26"]
[SourceVersion "1"]
[SourceVersionDate "2010.11.26"]
[SourceQuality "1"]
[WhiteTeam "Russia (U18)"]
[BlackTeam "Lithuania (U18)"]
[WhiteTeamCountry "RUS"]
[BlackTeamCountry "LTU"]

1. e4 c6 2. d4 g6 3. Nc3 d5 4. e5 h5 5. Bd3 Nh6 6. Nce2 Bf5 7. Bxh6 Bxh6 8. Bxf5 gxf5 9. Ng3 e6 10. Nxh5 Nd7 11. Qf3 Qg5 12. Rd1 c5 13. c3 cxd4 14. cxd4 Rc8 15. Nh3 Qe7 16. 0-0 Qb4 17. N3f4 Ke7 18. Qxd5 exd5 19. Nxd5+ Kd8 20. Nxb4 Bf8 21. Ng3 Bxb4 22. a3 Ba5 23. Nxf5 Rc7 24. f4 Bb6 25. Kh1 Rg8 26. d5 Rc2 27. g3 Nc5 28. Nd6 Ke7 29. b4 Nb3 30. Rd3 Rh8 31. h4 Nc1 32. Rdf3 Ne2 33. Nf5+ Kd8 34. g4 Nd4 35. Rh3 Nxf5 36. gxf5 Rg8 37. h5 Rcg2 38. h6 R2g4 39. h7 Rh8 40. f6 Rg6 41. f5 Rg5 42. e6 1-0

[Event "LTU-ch (Women)"]
[Site "Vilnius"]
[Date "2009.05.02"]
[Round "2"]
[White "Balcaite, Agne"]
[Black "Batyte, Daiva"]
[Result "1/2-1/2"]
[WhiteElo "1899"]
[BlackElo "2142"]
[PlyCount "101"]
[EventDate "2009.05.02"]
[EventType "tourn"]
[EventRounds "9"]
[EventCountry "LTU"]
[SourceTitle "EXT 2024"]
[Source "ChessBase"]
[SourceDate "2023.10.10"]
[SourceVersion "1"]
[SourceVersionDate "2023.10.10"]
[SourceQuality "1"]

1. e4 e5 2. Nf3 Nf6 3. Nxe5 d6 4. Nf3 Nxe4 5. d4 d5 6. Bd3 Be7 7. 0-0 0-0 8. c4 Nf6 9. Nc3 c6 10. h3 dxc4 11. Bxc4 Nbd7 12. Bb3 Nb6 13. Bf4 Nbd5 14. Bh2 Bf5 15. Re1 Bd6 16. Bxd6 Qxd6 17. Re5 Bd7 18. Qd2 h6 19. Rae1 Be6 20. Nh4 Rad8 21. Ng6 Rfe8 22. Nxd5 cxd5 23. Nf4 Ne4 24. Qd3 Nf6 25. Nxe6 Rxe6 26. Rxe6 fxe6 27. Qb5 Rd7 28. Qa5 a6 29. Rc1 Qf4 30. Qc5 Kf7 31. f3 Qd6 32. Qxd6 Rxd6 33. Kf2 Ke7 34. Ke3 Rc6 35. Rxc6 bxc6 36. Bc2 a5 37. a3 Kd6 38. b4 axb4 39. axb4 Nd7 40. f4 Nb6 41. Bd3 Na4 42. g4 Nc3 43. h4 Ke7 44. g5 Kf7 45. Kf3 h5 46. Ke3 Nd1+ 47. Ke2 Nc3+ 48. Ke3 Nb5 49. Be2 g6 50. Bxb5 cxb5 51. Kf3 1/2-1/2

[Event "LTU-ch (Women)"]
[Site "Vilnius"]
[Date "2009.05.02"]
[Round "7"]
[White "Balcaite, Agne"]
[Black "Sulikiene, Kristina"]
[Result "0-1"]
[WhiteElo "1899"]
[BlackElo "1972"]
[PlyCount "88"]
[EventDate "2009.05.02"]
[EventType "tourn"]
[EventRounds "9"]
[EventCountry "LTU"]
[SourceTitle "EXT 2024"]
[Source "ChessBase"]
[SourceDate "2023.10.10"]
[SourceVersion "1"]
[SourceVersionDate "2023.10.10"]
[SourceQuality "1"]

1. e4 e5 2. Nf3 Nf6 3. Nxe5 d6 4. Nf3 Nxe4 5. d4 d5 6. Bd3 Be7 7. 0-0 Nc6 8. c4 Nb4 9. Be2 0-0 10. Nc3 Nf6 11. a3 Nc6 12. Ne5 Bf5 13. cxd5 Nxd5 14. Nxc6 bxc6 15. Bf3 Bd6 16. g3 Be6 17. Ne4 Be7 18. Qc2 Bh3 19. Rd1 f5 20. Nc5 f4 21. Be4 h6 22. Nd3 fxg3 23. hxg3 Bf6 24. Qxc6 Nb6 25. Nf4 Bg4 26. f3 Bxd4+ 27. Kg2 Rf6 28. Qc2 g5 29. Qb3+ Kg7 30. Bxa8 Nxa8 31. fxg4 gxf4 32. Bxf4 Nb6 33. Rac1 c5 34. Kh2 Nd5 35. Qf3 Nxf4 36. gxf4 Re6 37. Kg2 Qe7 38. Rd3 Re2+ 39. Kh3 Bf2 40. g5 hxg5 41. f5 Qe8 42. Rh1 Bd4 43. b4 Re4 44. bxc5 g4+ 0-1

[Event "LTU-ch sf (Women)"]
[Site "Vilnius"]
[Date "2009.02.16"]
[Round "6"]
[White "Balcaite, Agne"]
[Black "Misiuk, Ivona"]
[Result "1-0"]
[WhiteElo "1878"]
[BlackElo "1630"]
[PlyCount "119"]
[EventDate "2009.02.13"]
[EventType "swiss"]
[EventRounds "7"]
[EventCountry "LTU"]
[SourceTitle "CBM 128 Extra"]
[Source "ChessBase"]
[SourceDate "2009.03.05"]
[SourceVersion "2"]
[SourceVersionDate "2009.03.25"]
[SourceQuality "1"]

1. e4 c5 2. Nf3 e6 3. d4 cxd4 4. Nxd4 Qb6 5. Nc3 Bc5 6. Na4 Qa5+ 7. c3 Bxd4 8. Qxd4 Nf6 9. Bf4 Nc6 10. Qc4 a6 11. Nc5 d5 12. exd5 Nxd5 13. Nb3 Qd8 14. Bg3 0-0 15. Bd3 Nce7 16. 0-0-0 Bd7 17. h4 Bb5 18. Qe4 Bxd3 19. Qxd3 Rc8 20. Kb1 Qb6 21. Qd4 Qxd4 22. Nxd4 Rfd8 23. Rd3 b5 24. Rhd1 h6 25. h5 Rc4 26. Bh4 Rd7 27. Bxe7 Rxe7 28. Nf5 Nxc3+ 29. Rxc3 exf5 30. Rxc4 bxc4 31. Rd6 Re1+ 32. Kc2 Re2+ 33. Rd2 Rxd2+ 34. Kxd2 Kf8 35. Kc3 Ke7 36. Kxc4 Kd6 37. b4 Kc6 38. a4 g6 39. hxg6 fxg6 40. Kd4 Kd6 41. b5 axb5 42. axb5 h5 43. b6 g5 44. b7 Kc7 45. Ke5 f4 46. Kf5 f3 47. g3 h4 48. gxh4 gxh4 49. Kg4 Kxb7 50. Kxh4 Kc6 51. Kg4 Kd5 52. Kxf3 Ke5 53. Kg4 Kf6 54. Kf4 Ke6 55. Kg4 Kf7 56. Kf5 Ke7 57. Kg6 Kf8 58. f4 Kg8 59. f5 Kf8 60. Kf6 1-0

[Event "LTU-ch sf (Women)"]
[Site "Vilnius"]
[Date "2009.02.13"]
[Round "1"]
[White "Balcaite, Agne"]
[Black "Savickiene, Viktorija"]
[Result "1-0"]
[WhiteElo "1878"]
[BlackElo "2051"]
[PlyCount "103"]
[EventDate "2009.02.13"]
[EventType "swiss"]
[EventRounds "7"]
[EventCountry "LTU"]
[SourceTitle "CBM 128 Extra"]
[Source "ChessBase"]
[SourceDate "2009.03.05"]
[SourceVersion "2"]
[SourceVersionDate "2009.03.25"]
[SourceQuality "1"]

1. e4 e6 2. d4 d5 3. exd5 exd5 4. Bd3 Bd6 5. Qf3 c6 6. Ne2 Nf6 7. 0-0 Bg4 8. Qe3+ Be7 9. Ng3 0-0 10. Bf5 Re8 11. Qg5 h6 12. Qh4 Bxf5 13. Nxf5 Bf8 14. Nd2 Nbd7 15. Nf3 Re4 16. Qg3 Kh8 17. Bd2 Qe8 18. Rae1 Qe6 19. Qh3 Kg8 20. Bc1 Re8 21. Rxe4 dxe4 22. Ne1 Nb6 23. f3 c5 24. fxe4 Nxe4 25. Qf3 Nd5 26. Nd3 cxd4 27. Nxd4 Qd7 28. Nb3 Ndf6 29. Bf4 Qc6 30. Nd4 Qb6 31. c3 a6 32. Be3 Qd8 33. Nf2 Nxf2 34. Bxf2 Bc5 35. Qxb7 Qd6 36. Qf3 Qb6 37. b4 Bf8 38. Nb3 Qe6 39. Bd4 Nd5 40. Nc5 Bxc5 41. Bxc5 Nf6 42. Bd4 Ne4 43. Qf4 Qxa2 44. Qg4 g6 45. Qd7 Qe6 46. Qxe6 Rxe6 47. Ra1 Rc6 48. b5 Rc8 49. bxa6 Nd6 50. Rb1 Nf5 51. Bf2 Kh7 52. a7 1-0

[Event "EU-ch U18 Girls 18th"]
[Site "Herceg Novi"]
[Date "2008.09.17"]
[Round "3"]
[White "Balcaite, Agne"]
[Black "Braggaar, Leonore"]
[Result "0-1"]
[WhiteElo "1830"]
[BlackElo "1967"]
[PlyCount "32"]
[EventDate "2008.09.15"]
[EventType "swiss"]
[EventRounds "9"]
[EventCountry "MNE"]
[SourceTitle "CBM 126 Extra"]
[Source "ChessBase"]
[SourceDate "2008.11.05"]
[SourceVersion "1"]
[SourceVersionDate "2008.11.05"]
[SourceQuality "1"]

1. e4 e5 2. Nf3 Nc6 3. d4 exd4 4. Nxd4 Bc5 5. Nxc6 bxc6 6. Bd3 d6 7. 0-0 Ne7 8. Kh1 0-0 9. c3 f5 10. Nd2 a5 11. exf5 Bxf5 12. Bxf5 Rxf5 13. Ne4 Bb6 14. f3 Ng6 15. Re1 Rh5 16. Ng3 Rxh2+ 0-1

[Event "Panevezys op-A"]
[Site "Panevezys"]
[Date "2008.08.18"]
[Round "9"]
[White "Grigaliunas, Sigitas"]
[Black "Balcaite, Agne"]
[Result "1-0"]
[WhiteElo "2113"]
[BlackElo "1830"]
[PlyCount "47"]
[EventDate "2008.08.12"]
[EventType "swiss"]
[EventRounds "9"]
[EventCountry "LTU"]
[SourceTitle "CBM 125 Extra"]
[Source "ChessBase"]
[SourceDate "2008.09.01"]
[SourceVersion "1"]
[SourceVersionDate "2008.09.01"]
[SourceQuality "1"]

1. e4 c5 2. Nf3 Nc6 3. Bb5 g6 4. Nc3 Bg7 5. 0-0 e6 6. Bxc6 bxc6 7. b3 d5 8. Re1 Ne7 9. Rb1 Qa5 10. Na4 c4 11. Ba3 cxb3 12. axb3 dxe4 13. Rxe4 Qd5 14. d3 Nf5 15. Qe2 Nd6 16. c4 Nxc4 17. dxc4 Qa5 18. Rd1 Qc7 19. Qd3 f6 20. Qd6 Qxd6 21. Bxd6 Kf7 22. Nc5 e5 23. Ree1 Bf5 24. Nh4 1-0

[Event "Panevezys op-A"]
[Site "Panevezys"]
[Date "2008.08.15"]
[Round "5"]
[White "Zilinskas, Vaidotas"]
[Black "Balcaite, Agne"]
[Result "1-0"]
[WhiteElo "2147"]
[BlackElo "1830"]
[PlyCount "85"]
[EventDate "2008.08.12"]
[EventType "swiss"]
[EventRounds "9"]
[EventCountry "LTU"]
[SourceTitle "CBM 125 Extra"]
[Source "ChessBase"]
[SourceDate "2008.09.01"]
[SourceVersion "1"]
[SourceVersionDate "2008.09.01"]
[SourceQuality "1"]

1. e4 c5 2. Nc3 Nc6 3. Bb5 g6 4. Bxc6 bxc6 5. d4 Qa5 6. dxc5 Bg7 7. Nge2 Nf6 8. 0-0 Qxc5 9. Rb1 Ba6 10. Be3 Qc4 11. f3 d6 12. Qd2 0-0 13. a3 Qe6 14. Rfe1 Rfd8 15. Rbd1 Qd7 16. Nc1 Rab8 17. Nd3 e5 18. Qf2 Bxd3 19. cxd3 d5 20. Bxa7 Rb7 21. Bc5 d4 22. Nb1 Rb3 23. Bb4 Bf8 24. Qc2 Bxb4 25. Qxb3 Bxe1 26. Rxe1 c5 27. Rc1 Qd6 28. Nd2 Rb8 29. Qc2 Nd7 30. Nc4 Qa6 31. Qd2 Rb3 32. Rf1 f6 33. f4 Nb6 34. Qc2 Qb5 35. Nxb6 Qxb6 36. Qc4+ Kg7 37. fxe5 fxe5 38. Qf7+ Kh6 39. Qf8+ Kh5 40. Qe7 Rxd3 41. Qxh7+ Kg5 42. h4+ Kg4 43. Qe7 1-0

[Event "Panevezys op-A"]
[Site "Panevezys"]
[Date "2008.08.14"]
[Round "4"]
[White "Balcaite, Agne"]
[Black "Kuvsinov, Anatolij"]
[Result "1-0"]
[WhiteElo "1830"]
[BlackElo "1984"]
[PlyCount "41"]
[EventDate "2008.08.12"]
[EventType "swiss"]
[EventRounds "9"]
[EventCountry "LTU"]
[SourceTitle "CBM 125 Extra"]
[Source "ChessBase"]
[SourceDate "2008.09.01"]
[SourceVersion "1"]
[SourceVersionDate "2008.09.01"]
[SourceQuality "1"]

1. e4 e5 2. Nf3 Nc6 3. d4 exd4 4. Nxd4 Qh4 5. Nb5 Qxe4+ 6. Be2 Kd8 7. N1c3 Bb4 8. 0-0 Bxc3 9. Nxc3 Qe8 10. Bf4 Nf6 11. Nb5 Ne5 12. Qd4 d6 13. Rfe1 Nfd7 14. Bg4 f6 15. Rad1 Qe7 16. Qc3 Nb6 17. Bxe5 fxe5 18. Rxe5 Qf7 19. Bh5 Qd7 20. Qg3 h6 21. Rc5 1-0

[Event "LTU-ch U18 Girls"]
[Site "Panevezys"]
[Date "2008.03.06"]
[Round "1"]
[White "Balcaite, Agne"]
[Black "Puidokaite, Kristina"]
[Result "1-0"]
[WhiteElo "1820"]
[BlackElo "1769"]
[PlyCount "89"]
[EventDate "2008.03.06"]
[EventType "tourn"]
[EventRounds "7"]
[EventCountry "LTU"]
[SourceTitle "EXT 2022"]
[Source "ChessBase"]
[SourceDate "2021.10.06"]
[SourceVersion "1"]
[SourceVersionDate "2021.10.06"]
[SourceQuality "1"]

1. e4 c5 2. Nf3 Nc6 3. d4 cxd4 4. Nxd4 d6 5. Nc3 a6 6. a4 e6 7. Be2 Nf6 8. 0-0 Be7 9. Be3 0-0 10. Qd2 Qc7 11. f4 Bd7 12. Nb3 Na5 13. Nxa5 Qxa5 14. Nd5 Qxd2 15. Nxe7+ Kh8 16. Bxd2 Rfe8 17. e5 Ne4 18. Bb4 Rxe7 19. Bf3 a5 20. exd6 Ree8 21. Bxa5 Nxd6 22. Bb4 Nc4 23. b3 Ne3 24. Rf2 Rac8 25. Rc1 Nd5 26. Be1 Rc7 27. g3 Rec8 28. c4 Rb8 29. Bd2 Ne7 30. Bb4 Nc8 31. Rd2 h6 32. Rcd1 Bc6 33. Rd8+ Kh7 34. Bxc6 Rxc6 35. Bc3 Rb6 36. b4 Rc6 37. R1d4 Ra8 38. b5 Rc7 39. a5 b6 40. a6 Raa7 41. Bb4 Ra8 42. Bd6 Rca7 43. c5 Nxd6 44. Rxa8 Rxa8 45. cxd6 1-0

[Event "LTU-ch sf (Women)"]
[Site "Vilnius"]
[Date "2008.01.29"]
[Round "3"]
[White "Balcaite, Agne"]
[Black "Laurusaite, Brigita"]
[Result "0-1"]
[WhiteElo "1827"]
[BlackElo "2012"]
[PlyCount "104"]
[EventDate "2008.01.28"]
[EventType "swiss"]
[EventRounds "7"]
[EventCountry "LTU"]
[SourceTitle "EXT 2010"]
[Source "ChessBase"]
[SourceDate "2010.11.25"]
[SourceVersion "1"]
[SourceVersionDate "2010.11.25"]
[SourceQuality "1"]

1. e4 d6 2. d4 Nf6 3. Nc3 e5 4. dxe5 dxe5 5. Qxd8+ Kxd8 6. Bg5 Be6 7. 0-0-0+ Nbd7 8. Nf3 Kc8 9. Bh4 Bb4 10. Nd5 Nxd5 11. exd5 Bg4 12. Be2 f6 13. h3 Bh5 14. g4 Bf7 15. c4 a5 16. Bd3 Bg6 17. Bxg6 hxg6 18. Bg3 Bd6 19. Nh4 Nf8 20. Rde1 Kd7 21. Nf3 Rd8 22. Nd2 Kc8 23. Ne4 Nd7 24. f3 b6 25. a3 Kb7 26. Kc2 Nc5 27. Nxd6+ cxd6 28. b4 Nd7 29. bxa5 Rc8 30. Kc3 Ka6 31. Rb1 bxa5 32. Bf2 Rb8 33. h4 f5 34. gxf5 gxf5 35. Rxb8 Rxb8 36. Rg1 a4 37. Rxg7 Rb3+ 38. Kd2 Nb6 39. Rc7 Rxa3 40. Bxb6 Kxb6 41. Rc6+ Kb7 42. Rxd6 Rxf3 43. Rd7+ Kc8 44. Ra7 a3 45. c5 e4 46. Ke2 Rd3 47. d6 Kb8 48. Rd7 a2 49. c6 a1Q 50. Rd8+ Ka7 51. Rd7+ Kb6 52. c7 Qd1+ 0-1

[Event "LTU-ch sf (Women)"]
[Site "Vilnius"]
[Date "2008.01.28"]
[Round "1"]
[White "Ziogaite, Jovita"]
[Black "Balcaite, Agne"]
[Result "0-1"]
[WhiteElo "2060"]
[BlackElo "1827"]
[PlyCount "78"]
[EventDate "2008.01.28"]
[EventType "swiss"]
[EventRounds "7"]
[EventCountry "LTU"]
[SourceTitle "EXT 2010"]
[Source "ChessBase"]
[SourceDate "2010.11.25"]
[SourceVersion "1"]
[SourceVersionDate "2010.11.25"]
[SourceQuality "1"]

1. e4 c5 2. Nf3 Nc6 3. d4 cxd4 4. Nxd4 Nf6 5. Nc3 e5 6. Ndb5 d6 7. Bg5 a6 8. Na3 b5 9. Bxf6 gxf6 10. Nd5 f5 11. exf5 Bg7 12. c3 Bxf5 13. Nc2 0-0 14. Nce3 Be6 15. g4 Ne7 16. Bg2 Ra7 17. Be4 Nxd5 18. Nxd5 f5 19. gxf5 Bxf5 20. Bxf5 Rxf5 21. Ne3 Rf4 22. Qd5+ Raf7 23. 0-0-0 Kh8 24. Kb1 Qc8 25. Qxd6 Rxf2 26. Qb4 Bh6 27. Nd5 Qf5+ 28. Ka1 Rf1 29. Rhxf1 Qxf1 30. Qb3 Qe2 31. h3 a5 32. a4 bxa4 33. Qxa4 Rf2 34. Qb3 a4 35. Qb8+ Bf8 36. Rb1 a3 37. Qb3 Qa6 38. bxa3 Bxa3 39. Rd1 Bb2+ 0-1

[Event "LTU-chT2 0708"]
[Site "Lithuania"]
[Date "2008.01.06"]
[Round "5.15"]
[White "Puidokaite, Kristina"]
[Black "Balcaite, Agne"]
[Result "1-0"]
[WhiteElo "1753"]
[BlackElo "1837"]
[PlyCount "75"]
[EventDate "2007.09.27"]
[EventType "team-tourn"]
[EventRounds "9"]
[EventCountry "LTU"]
[SourceTitle "EXT 2022"]
[Source "ChessBase"]
[SourceDate "2021.10.06"]
[SourceVersion "1"]
[SourceVersionDate "2021.10.06"]
[SourceQuality "1"]

1. Nf3 d5 2. d4 Nf6 3. g3 e6 4. Bg2 c5 5. b3 Nc6 6. 0-0 Qb6 7. Bb2 Bd7 8. e3 c4 9. Nbd2 cxb3 10. cxb3 Nb4 11. Ne5 Bb5 12. Re1 Bd6 13. a3 Bxe5 14. dxe5 Nd3 15. Bd4 Qd8 16. exf6 gxf6 17. Bf1 e5 18. Bxd3 Bxd3 19. Bb2 Rc8 20. Rc1 Rxc1 21. Qxc1 0-0 22. Qc3 Bb5 23. f4 Re8 24. Nf3 exf4 25. gxf4 Qd7 26. Qxf6 Kf8 27. Ne5 Qe6 28. Qxe6 fxe6 29. a4 Bc6 30. Rc1 Rc8 31. b4 Ke7 32. b5 Bd7 33. Nxd7 Rxc1+ 34. Bxc1 Kxd7 35. Bb2 Kc7 36. Bd4 a6 37. Kg2 Kd7 38. Kg3 1-0

[Event "Baltija Cup op 4th"]
[Site "Palanga"]
[Date "2007.06.18"]
[Round "5"]
[White "Balcaite, Agne"]
[Black "Ralys, Vincas"]
[Result "1-0"]
[WhiteElo "1819"]
[BlackElo "1833"]
[PlyCount "39"]
[EventDate "2007.06.16"]
[EventType "swiss"]
[EventRounds "8"]
[EventCountry "LTU"]
[SourceTitle "EXT 2022"]
[Source "ChessBase"]
[SourceDate "2021.10.06"]
[SourceVersion "1"]
[SourceVersionDate "2021.10.06"]
[SourceQuality "1"]

1. e4 c5 2. Nf3 d6 3. d4 cxd4 4. Nxd4 Nf6 5. Nc3 a6 6. Be2 e5 7. Nb3 Be7 8. Be3 Be6 9. Nd5 Nxd5 10. exd5 Bf5 11. c4 Nd7 12. 0-0 0-0 13. Qd2 b6 14. f4 exf4 15. Bxf4 Bg6 16. Nd4 Qc7 17. Nc6 Bf6 18. Rad1 b5 19. Qb4 Nc5 20. Qxc5 1-0

[Event "Panevezys-ch B"]
[Site "Panevezys"]
[Date "2007.04.29"]
[Round "13.1"]
[White "Balcaite, Agne"]
[Black "Monstavicius, Algimantas"]
[Result "1-0"]
[WhiteElo "1800"]
[BlackElo "1814"]
[PlyCount "95"]
[EventDate "2007.02.04"]
[EventType "tourn"]
[EventRounds "13"]
[EventCountry "LTU"]
[SourceTitle "EXT 2024"]
[Source "ChessBase"]
[SourceDate "2023.10.10"]
[SourceVersion "1"]
[SourceVersionDate "2023.10.10"]
[SourceQuality "1"]

1. e4 e5 2. Nf3 Nc6 3. d4 exd4 4. Nxd4 d6 5. Nxc6 bxc6 6. Bd3 Nf6 7. 0-0 Be7 8. f4 0-0 9. e5 Nd5 10. Qh5 f5 11. Rf3 Qe8 12. Qxe8 Rxe8 13. c4 Nb4 14. Nc3 Nxd3 15. Rxd3 Be6 16. b3 a6 17. Ba3 c5 18. Nd5 Bxd5 19. cxd5 a5 20. Re1 a4 21. b4 cxb4 22. Bxb4 Kf8 23. Rde3 dxe5 24. Bxe7+ Rxe7 25. fxe5 Ra5 26. Rd3 Rd7 27. Red1 h6 28. Kf2 Rc5 29. Kf3 c6 30. dxc6 Rxd3+ 31. Rxd3 Rxc6 32. Rd4 Ra6 33. Kf4 g6 34. Rd6 Rxd6 35. exd6 Ke8 36. Ke5 Kd7 37. Kf6 Kxd6 38. Kxg6 Kc5 39. Kxh6 Kb4 40. Kg5 Ka3 41. h4 Kxa2 42. h5 Kb1 43. h6 a3 44. h7 a2 45. h8Q a1Q 46. Qxa1+ Kxa1 47. Kxf5 Kb2 48. g4 1-0

[Event "Panevezys-ch B"]
[Site "Panevezys"]
[Date "2007.04.22"]
[Round "12.7"]
[White "Kalvis, Stepas"]
[Black "Balcaite, Agne"]
[Result "1-0"]
[WhiteElo "1868"]
[BlackElo "1800"]
[PlyCount "43"]
[EventDate "2007.02.04"]
[EventType "tourn"]
[EventRounds "13"]
[EventCountry "LTU"]
[SourceTitle "EXT 2024"]
[Source "ChessBase"]
[SourceDate "2023.10.10"]
[SourceVersion "1"]
[SourceVersionDate "2023.10.10"]
[SourceQuality "1"]

1. Nf3 d5 2. c4 c6 3. d4 Nf6 4. Nc3 Bg4 5. Ne5 Bf5 6. Qb3 Bc8 7. cxd5 cxd5 8. e4 e6 9. Bg5 Be7 10. Bxf6 gxf6 11. Bb5+ Kf8 12. Nf3 a6 13. Bd3 dxe4 14. Bxe4 Nc6 15. d5 Ne5 16. Nxe5 fxe5 17. Rd1 Qc7 18. 0-0 Rb8 19. dxe6 Bxe6 20. Bd5 Bxd5 21. Nxd5 Qd6 22. Nb6 1-0

[Event "LTU-ch U18 Girls"]
[Site "Panevezys"]
[Date "2007.03.27"]
[Round "8"]
[White "Balcaite, Agne"]
[Black "Zalimaite, Ieva"]
[Result "1/2-1/2"]
[WhiteElo "1800"]
[BlackElo "1849"]
[PlyCount "103"]
[EventDate "2007.03.23"]
[EventType "swiss"]
[EventRounds "9"]
[EventCountry "LTU"]
[SourceTitle "EXT 2022"]
[Source "ChessBase"]
[SourceDate "2021.10.06"]
[SourceVersion "1"]
[SourceVersionDate "2021.10.06"]
[SourceQuality "1"]

1. e4 e6 2. d4 d5 3. Nd2 c5 4. exd5 Qxd5 5. Ngf3 cxd4 6. Bc4 Qd6 7. 0-0 Nf6 8. Nb3 Nc6 9. Nbxd4 Nxd4 10. Nxd4 a6 11. Bb3 Qc7 12. c3 Bd6 13. h3 Bd7 14. Qe2 0-0-0 15. a4 h6 16. Qc4 Bh2+ 17. Kh1 Be5 18. Qxc7+ Kxc7 19. Be3 Kb8 20. Rfd1 Bc7 21. Rd2 g5 22. Rdd1 g4 23. h4 Ne4 24. Bc2 Nd6 25. b3 e5 26. Ne2 f5 27. Bc5 Be6 28. Bxd6 Bxd6 29. Ng3 e4 30. Ne2 Be5 31. Rab1 Bd5 32. Nd4 Rhf8 33. c4 Bg8 34. Ne2 Bc7 35. g3 Bb6 36. Kg2 Rde8 37. Rd6 Re6 38. Rxe6 Bxe6 39. Nf4 Bd7 40. b4 Bc6 41. c5 Bc7 42. Kf1 Bxf4 43. gxf4 Rd8 44. Rd1 Rxd1+ 45. Bxd1 Bd5 46. Ke1 Kc7 47. a5 Bf7 48. Ba4 Kd8 49. Kd2 Kc7 50. Ke3 Kd8 51. Kd4 Kc7 52. Ke3 1/2-1/2